000 00351pab a2200145 454500
008 180718b2005 xxu||||| |||| 00| 0 eng d
100 _aJaved, Akram
245 _aVulnerability mapping mitigates climate change
260 _c2005
300 _ap.28-31.
362 _aDec
650 _aClimatic change
773 _aGIS Development
909 _a68038
999 _c68038
_d68038